000 00455nam a22001817a 4500
003 MPLRDC
005 20220104144550.0
008 210129b ||||| |||| 00| 0 eng d
020 _a7-5057-1830-4
082 _a848.2 LA v.28
100 _a马家辉著
245 _a消灭李敖, 还是被李敖消灭?
_c
250 _a初版
260 _a
_b中国友谊出版公司
_c2003
300 _b
650 _a现代别集
942 _cBK
_o848.2 LA v.28
999 _c50845
_d50835